000 00361nam a2200133Ia 4500
005 20260328104258.0
008 260328s9999||||xx |||||||||||||| ||und||
100 _aEhmann, Sven
245 0 _aRock The Shack :
_b the Architecture of cabins cocoons and hide -outs /
_cSven Ehmann
260 _bgestalten
300 _a239 p.
650 _aVIVIENDA
942 _cBK
999 _c10497
_d10497